Famous Gay People - Statistics

General Stats
  • This quiz has been taken 169 times
  • The average score is 3 of 15
Answer Stats
Picture Answer % Correct
Oscar Wilde
81%
Stephen Fry
62%
Rock Hudson
34%
Alexander The Great
33%
Sue Perkins
32%
Sandi Toksvig
25%
KD Lang
19%
Russell Tovey
16%
Montgomery Clift
11%
Andy Bell
9%
Jimmy Somerville
9%
Rupert Everett
6%
Amanda Barrie
4%
Jane Hazelgrove
1%
Tony Adams
1%
No matching quizzes found
Score Distribution
Percent of People with Each Score
Percentile by Number Answered
Your Score History
You have not taken this quiz